000 00809nas a2200253 4500
001 BR0001026
003 BR-BrBNA
005 20231205101711.0
007 ta
008 230509b bl.|||p| |||| 00| 00por d
040 _aBR-BrBNA
_bpor
_cBiblioteca Nacional de Agricultura
041 _a(Pt)
072 _aF06
100 1 _aBraga, M.B.
100 1 _aRamos, M.M.
100 1 _aGomide, R.L.
245 1 _aInfluencia de quatro frequencias de irrigacao na distribuicao radicular em tres estadios de desenvolvimento da cultura do feijoeiro (Phaseolus vulgaris L. cv. Carioca)
650 _aFeijao
650 _aRendimento
650 _aIrrigacao
773 0 _tIrriga (Brazil)
_xISSN 1413-7895
_g(1999), v. 4(3) p. 175-182
_wBR0001026
909 _a202311
_bLúcia
_c55
_dLúcia Elande
942 _2AGRIS
_n0
_cANA
999 _c163355
_d163355